| 000 | 00334 a2200133 4500 | ||
|---|---|---|---|
| 005 | 20260314102811.0 | ||
| 020 | _a9780128215029 | ||
| 100 | _aSQUIRE,J | ||
| 245 | _aProgramming For Electrical Engineers | ||
| 260 |
_aLondon _bACADEMIC PRESS _c2022 |
||
| 300 |
_axv,266p;graph,tables _bIndex _c27.5 |
||
| 700 | _aBROWN,J | ||
| 942 |
_2ddc _cBKS |
||
| 999 |
_c6831 _d6831 |
||